• 首页
  • 本馆介绍
  • 公告通知
  • 最新文献
  • 馆藏检索
  • 电子资源
  • 读者导购
  • 参考咨询
  • 我的图书馆
  • 登录
  • 详细信息显示
  • 放入我的书架
  • 预约/预借图书
  • 作者相关作品
  • 分类相关作品
  • 丛书相关作品
  • 出版社相关作品

书目信息

  • 表格格式
  • 工作单格式
  • 卡片格式
题名:
补益中药实用技巧
    
 
作者: 汤一鸣 , 徐步光 主编
分册:  
出版信息: 杭州   浙江科学技术出版社  2020.7
页数: 128页
开本: 24cm
丛书名:
单 册:
中图分类: R286.79
科图分类:
主题词: 补益药--基本知识
电子资源:
ISBN: 978-7-5341-9071-1
000 01092nam0 2200241 45
001 012001002711
005 20141008105902.0
010    @a978-7-5341-9071-1@dCNY20.00
100    @a20200713d2020 em y0chiy0110 ea
101 0  @achi
102    @aCN@b330000
105    @ay z 000yy
106    @ar
200 1  @a补益中药实用技巧@Abu yi zhong yao shi yong ji qiao@f汤一鸣,徐步光主编
210    @a杭州@c浙江科学技术出版社@d2020.7
215    @a128页@d24cm
330    @a补益中药是历代医家经过千百年来的临床验证总结出来的有效方药,具有疗效显著、服用方便、易于掌握的特点。本书阐述了补益中药的概念、特性等相关知识,并把补益中药的应用与四季养生保健结合起来。针对人体四季的生理特点,选取合适的补益中药,逐一介绍其功效,用法及注意事项,使老年朋友对四季补益中药有一个全面直观的了解。本书内容通俗、实用、科学,能为老年人选择补益中药进补提供具体的指导和帮助,适合广大有养生保健需求的老年人阅读。
606 0  @a补益药@x基本知识
690    @aR286.79@v5
701  0 @a汤一鸣@Atang yi ming@4主编
701  0 @a徐步光@Axu bu guang@4主编
801  0 @aCN@bBJSDL@c20211018
905    @b1344681-4@dR286.79@e593@f4
    
    补益中药实用技巧/汤一鸣,徐步光主编.-杭州:浙江科学技术出版社,2020.7
    128页;24cm
    
    
    ISBN 978-7-5341-9071-1:CNY20.00
    补益中药是历代医家经过千百年来的临床验证总结出来的有效方药,具有疗效显著、服用方便、易于掌握的特点。本书阐述了补益中药的概念、特性等相关知识,并把补益中药的应用与四季养生保健结合起来。针对人体四季的生理特点,选取合适的补益中药,逐一介绍其功效,用法及注意事项,使老年朋友对四季补益中药有一个全面直观的了解。本书内容通俗、实用、科学,能为老年人选择补益中药进补提供具体的指导和帮助,适合广大有养生保健需求的老年人阅读。
●
相关链接 在E读中查询图书 在五车中查询图书 在当当中查询图书 在豆瓣中查询图书


正题名:补益中药实用技巧     索取号:R286.79/593         预约/预借

序号 登录号 条形码 馆藏地/架位号 状态 备注
1 1344681   213446813   第二样本阅览室/ [索取号:R286.79/593] 在馆    
2 1344682   213446822   第三借阅区/ [索取号:R286.79/593] 在馆    
3 1344683   213446831   第三借阅区/ [索取号:R286.79/593] 在馆    
4 1344684   213446840   第三借阅区/ [索取号:R286.79/593] 在馆    
唐山师范学院图书馆 欢迎您!
大连网信软件有限公司© 版权所有